<?xml version="1.0" encoding="UTF-8"?>
<record
    xmlns:xsi="http://www.w3.org/2001/XMLSchema-instance"
    xsi:schemaLocation="http://www.loc.gov/MARC21/slim http://www.loc.gov/standards/marcxml/schema/MARC21slim.xsd"
    xmlns="http://www.loc.gov/MARC21/slim">

  <leader>01254nam a2200361Ia 4500</leader>
  <controlfield tag="001">Z_6649</controlfield>
  <controlfield tag="003">CHAP</controlfield>
  <controlfield tag="005">20231013150422.0</controlfield>
  <controlfield tag="008">220113s2012    xx            000 0 und d</controlfield>
  <datafield tag="010" ind1=" " ind2=" ">
    <subfield code="a">169921</subfield>
  </datafield>
  <datafield tag="040" ind1=" " ind2=" ">
    <subfield code="c">CHAP</subfield>
  </datafield>
  <datafield tag="090" ind1=" " ind2=" ">
    <subfield code="a">Tesis R65 2356</subfield>
  </datafield>
  <datafield tag="100" ind1=" " ind2=" ">
    <subfield code="a">Rojas L&#xF3;pez, Oscar</subfield>
    <subfield code="9">99331</subfield>
  </datafield>
  <datafield tag="245" ind1=" " ind2=" ">
    <subfield code="a">Indicadores productivos del pastoreo en una unidad de producci&#xF3;n de cr&#xED;a ovina  /</subfield>
    <subfield code="c">Oscar Rojas L&#xF3;pez</subfield>
  </datafield>
  <datafield tag="260" ind1=" " ind2=" ">
    <subfield code="a">M&#xE9;xico  :</subfield>
    <subfield code="b">El autor,</subfield>
    <subfield code="c">2012</subfield>
  </datafield>
  <datafield tag="300" ind1=" " ind2=" ">
    <subfield code="a">CD</subfield>
  </datafield>
  <datafield tag="502" ind1=" " ind2=" ">
    <subfield code="a">Tesis (Maestro en Ciencias en Innovaci&#xF3;n Ganadera) -- UACh, 2012 \ Direcci&#xF3;n: Ricardo Daniel Am&#xE9;ndola Massiotti; asesor&#xED;a: Jorge Luis T&#xF3;rtora P&#xE9;rez y Maximino Huerta Bravo</subfield>
  </datafield>
  <datafield tag="650" ind1=" " ind2=" ">
    <subfield code="a">Carga animal</subfield>
    <subfield code="9">145475</subfield>
  </datafield>
  <datafield tag="650" ind1=" " ind2=" ">
    <subfield code="a">Clima templado</subfield>
    <subfield code="9">23862</subfield>
  </datafield>
  <datafield tag="650" ind1=" " ind2=" ">
    <subfield code="a">Cr&#xED;a</subfield>
    <subfield code="9">145476</subfield>
  </datafield>
  <datafield tag="650" ind1=" " ind2=" ">
    <subfield code="a">Ganado ovino</subfield>
    <subfield code="9">139065</subfield>
  </datafield>
  <datafield tag="650" ind1=" " ind2=" ">
    <subfield code="a">Medicago sativa</subfield>
    <subfield code="9">145114</subfield>
  </datafield>
  <datafield tag="650" ind1=" " ind2=" ">
    <subfield code="a">Pastoreo</subfield>
    <subfield code="9">85984</subfield>
  </datafield>
  <datafield tag="700" ind1=" " ind2=" ">
    <subfield code="a"> Huerta Bravo, Maximino, asesor</subfield>
    <subfield code="9">137843</subfield>
  </datafield>
  <datafield tag="700" ind1=" " ind2=" ">
    <subfield code="a"> T&#xF3;rtora P&#xE9;rez, Jorge Luis, asesor </subfield>
    <subfield code="9">145477</subfield>
  </datafield>
  <datafield tag="700" ind1=" " ind2=" ">
    <subfield code="a">Am&#xE9;ndola Massiotti, Ricardo Daniel, director </subfield>
    <subfield code="9">145116</subfield>
  </datafield>
  <datafield tag="856" ind1="4" ind2="2">
    <subfield code="u">http://10.13.5.2/tesis/115255.pdf</subfield>
    <subfield code="y">Descargar PDF</subfield>
  </datafield>
  <datafield tag="901" ind1=" " ind2=" ">
    <subfield code="a">TESIS R65 2356</subfield>
  </datafield>
  <datafield tag="902" ind1=" " ind2=" ">
    <subfield code="a">A</subfield>
  </datafield>
  <datafield tag="910" ind1=" " ind2=" ">
    <subfield code="a">2012</subfield>
  </datafield>
  <datafield tag="942" ind1=" " ind2=" ">
    <subfield code="c">2</subfield>
    <subfield code="2">ddc</subfield>
  </datafield>
  <datafield tag="942" ind1=" " ind2=" ">
    <subfield code="c">2</subfield>
    <subfield code="2">ddc</subfield>
  </datafield>
  <datafield tag="999" ind1=" " ind2=" ">
    <subfield code="c">169921</subfield>
    <subfield code="d">169921</subfield>
  </datafield>
  <datafield tag="952" ind1=" " ind2=" ">
    <subfield code="0">0</subfield>
    <subfield code="1">0</subfield>
    <subfield code="2">local</subfield>
    <subfield code="4">0</subfield>
    <subfield code="7">1</subfield>
    <subfield code="8">TesDigM</subfield>
    <subfield code="a">Z</subfield>
    <subfield code="b">Z</subfield>
    <subfield code="d">2015-10-28</subfield>
    <subfield code="e">El autor</subfield>
    <subfield code="l">0</subfield>
    <subfield code="o">Tesis R65 2356</subfield>
    <subfield code="p">z_T 4244</subfield>
    <subfield code="r">2022-01-18 00:00:00</subfield>
    <subfield code="t">1</subfield>
    <subfield code="w">2022-01-18</subfield>
    <subfield code="y">CD</subfield>
  </datafield>
  <datafield tag="952" ind1=" " ind2=" ">
    <subfield code="0">0</subfield>
    <subfield code="1">0</subfield>
    <subfield code="2">local</subfield>
    <subfield code="4">0</subfield>
    <subfield code="7">1</subfield>
    <subfield code="8">TesDigM</subfield>
    <subfield code="a">Z</subfield>
    <subfield code="b">Z</subfield>
    <subfield code="d">2015-10-28</subfield>
    <subfield code="e">El autor</subfield>
    <subfield code="l">0</subfield>
    <subfield code="o">Tesis R65 2356</subfield>
    <subfield code="p">z_T 4245</subfield>
    <subfield code="r">2022-01-18 00:00:00</subfield>
    <subfield code="t">2</subfield>
    <subfield code="w">2022-01-18</subfield>
    <subfield code="y">CD</subfield>
  </datafield>
</record>
